| 000 | 00700nam a2200169Ia 4500 | ||
|---|---|---|---|
| 008 | 090711s9999 xx 000 0 und d | ||
| 082 | _b76000 | ||
| 100 | _aजोशी केशव रा. | ||
| 245 | _aशिक्तपात योगेSाी दिव्य व अलौकिक परंपरा | ||
| 260 | _c1971 | ||
| 300 | _a36 | ||
| 600 | _aजोशी केशव रा. | ||
| 630 | _aशिक्तपात योगेSाी दिव्य व अलौकिक परंपरा | ||
| 700 | _aजोशी केशव रा. | ||
| 730 | _aशिक्तपात योगेSाी दिव्य व अलौकिक परंपरा | ||
| 942 | _cBOOK | ||
| 999 |
_c282190 _d282190 |
||